000 00495nam a22001817a 4500
003 CEME
005 20210628204132.0
008 210106b xxu||||| |||| 00| 0 eng d
020 _a0127521550
040 _cceme
082 _a621.362 UNC
100 _aKruse, Paul W, Skatrud, David D
_968881
245 _aUncooled infrared imaging arrays and systems, semiconductors and semimetals
250 _aVOL-47
260 _aUSA
_bACADEMIC PRESS
_c1997
300 _aXVII, 341P
942 _cBK
_2ddc
999 _c576340
_d576340